[Event "EU-chT (Men) 19th"]
[Site "Warsaw"]
[Date "2013.11.16"]
[Round "8.1"]
[White "Bacrot, Etienne"]
[Black "Aronian, Levon"]
[Result "0-1"]
[WhiteElo "2749"]
[BlackElo "2801"]
[Annotator "Krasenkow,M"]
[PlyCount "82"]
[EventDate "2013.11.08"]
[EventType "team-swiss"]
[EventRounds "9"]
[EventCountry "POL"]
[SourceTitle "CBM 158"]
[Source "ChessBase"]
[SourceDate "2014.01.16"]
[SourceVersion "1"]
[SourceVersionDate "2014.01.16"]
[SourceQuality "1"]
[WhiteTeam "France"]
[BlackTeam "Armenia"]
[WhiteTeamCountry "FRA"]
[BlackTeamCountry "ARM"]

1. Nf3 d5 2. d4 Nf6 3. c4 e6 4. Nc3 Be7 5. Bf4 O-O 6. e3 Nbd7 7. c5 c6 8. h3 b6
9. b4 a5 10. a3 h6 {An interesting idea. Black waits for Bf1-d3 in order to
play ...Bc8-a6; in that case, if White takes on a6, Bf1-d3 will be just a
wasted tempo. Meanwhile Black makes a useful move (an airhole for his king).} (
10... Ba6) ({or} 10... Bb7 {[%cal Yd8c8] are more "conventional" continuations.
}) 11. Qc1 {White doesn't want to waste a tempo. He would like to take on a6
in one go.} (11. Bd3 Ba6 12. Bxa6 (12. O-O $5 Qc8 13. Rb1 Bxd3 14. Qxd3 axb4
15. axb4 {1-0 (62) Kunte,A (2561)-Kayumov,S (2400) Dubai 2005} Qb7 $11) 12...
Rxa6 13. b5 (13. O-O Qa8 14. Qb1 axb4 15. axb4 Rxa1 16. Qxa1 Qb7 17. Rb1 Ra8
18. Qb2 Bd8 19. Ra1 bxc5 20. Rxa8 Qxa8 21. bxc5 Qa6 $11 {1/2 (44) Moiseenko,A 
(2709)-Sargissian,G (2676) Warsaw POL 2013}) 13... cxb5 14. c6 Qc8 15. c7 b4 (
15... Bxa3 $5 16. Nxb5 Bb4+ 17. Ke2 Ra8 18. Qd3 (18. Qa4 $5) 18... Ne4 19. Rhc1
Qa6 $132 {[%cal Ye4c5] 1/2 (72) Edouard,R (2620)-Ekstroem,R (2488) Novi Sad
2009}) 16. Nb5 a4 17. axb4 (17. Rc1 $5 {deserves attention, like in the 10...
Ba6 line, when Black's pawn is on h7; the difference is, however, in Black's
favour}) 17... Bxb4+ 18. Ke2 Ra5 19. Qd3 Ne4 20. Rhc1 Qa8 21. Ne5 Nxe5 22. Bxe5
Rc8 $15 {0-1 (46) Svetushkin, D (2571)-Kayumov, S (2479) Abu Dhabi 2003}) 11...
Bb7 (11... Ba6 $6 12. Bxa6 Rxa6 13. b5 cxb5 14. c6 {is now clearly favourable
for White.}) 12. Bd3 (12. Be2 Qc8 13. O-O Ba6 14. Re1 Qb7 15. Rb1 axb4 16. axb4
Rfc8 17. Nd2 Bxe2 18. Rxe2 Qa6 19. Qc2 Bd8 20. Ree1 Bc7 $11 {1/2 (28) Berkes,F
(2679)-Adams,M (2720) Schwetzingen GER 2013}) 12... Qc8 13. O-O Ba6 14. Bxa6
Rxa6 15. Qc2 Qb7 16. Rab1 {An attempt to avoid exchanges on the a-file and
complicate matters; however, Black gets good counterplay.} axb4 17. axb4 Ra3
18. Rfc1 bxc5 $6 {[%mdl 32]} (18... b5 {makes Black's counterplay more
difficult as he has no squares for invasion on the a-file. A practical example:
} 19. Nd2 Rfa8 20. Nb3 Bd8 {(a typical manoeuvre)} 21. Qb2 R3a6 22. Ra1 Ne8 (
22... Bc7 {is more logical}) 23. Rxa6 Rxa6 24. Ra1 Qa8 25. Rxa6 Qxa6 26. g4 f6
27. Bg3 Kf7 28. Kg2 Qa7 29. Nc1 Bc7 30. Bxc7 Nxc7 31. Nb3 Nb8 32. Na5 $36 {
1-0 (44) Stocek,J (2584)-Konopka,M (2447) Havlickuv Brod 2008}) ({But after
the text move White obtains the b-file for his play. Perhaps the most accurate
course was not to change the pawn structure at the moment:} 18... Rfa8) 19.
bxc5 Qa6 20. Ne1 Ra8 21. Qb2 (21. Nd3 $5 Bd8 22. Nb4 Qc8 23. e4 $36) 21... Qc8
22. Qb7 (22. Nc2 $5 R3a7 23. Nb4 Bd8 24. f3 {[%cal Ye3e4]}) 22... Qxb7 23. Rxb7
Bd8 24. Bc7 $1 Bxc7 25. Rxc7 R8a6 26. Nd3 {[%cal Rd3b4]} Rb3 27. Ne5 $1 Nxe5
28. dxe5 Raa3 29. Ne2 $2 (29. exf6 Rxc3 30. Rxc3 Rxc3 31. Rc8+ Kh7 32. fxg7
Kxg7 33. Rxc6 Kf6 {is hardly winning but}) (29. Nd1 $1 Ne4 30. Rxc6 {gave
White good chances to convert his extra pawn.}) 29... Ne4 $1 30. Rxc6 Rb2 {
Everything is turned around - Black suddenly obtains strong counterplay.} 31.
Rc8+ Kh7 32. Re1 Raa2 33. Kf1 $2 {After this self-paralysing move White's
position becomes just bad.} (33. Nc1 $8 Ra5 (33... Ra1 34. f3 Ng3 35. Nd3 {
holding on}) 34. c6 $1 Rxf2 (34... Nxf2 $2 35. c7 {[%cal Rc8b8]}) 35. Re2 $1
Rxe2 36. Nxe2 {, and White should not lose. Well, it was far from easy to find
this escape over the board.}) 33... Rc2 34. c6 $2 {This pawn doesn't help
White.} (34. Rc7 Nxc5 {[%cal Rc5d3]} 35. f4 {was the only chance to put up
resistance.}) 34... Nc5 $1 35. c7 Nd3 36. Rd1 Rxe2 $1 37. Rh8+ Kxh8 38. c8=Q+
Kh7 {White is a queen up but his position is hopeless!} 39. Rxd3 Rxf2+ 40. Ke1
Rxg2 41. Kf1 Rgc2 {Regaining the queen with a decisive material advantage.} 0-1

[Event "Foros Aerosvit 3rd"]
[Site "Foros"]
[Date "2008.06.19"]
[Round "11"]
[White "Ivanchuk, Vassily"]
[Black "Eljanov, Pavel"]
[Result "1-0"]
[WhiteElo "2740"]
[BlackElo "2687"]
[Annotator "Krasenkow,M"]
[PlyCount "119"]
[EventDate "2008.06.08"]
[EventType "tourn"]
[EventRounds "11"]
[EventCountry "UKR"]
[EventCategory "19"]
[SourceTitle "CBM 125"]
[Source "ChessBase"]
[SourceDate "2008.07.30"]
[SourceVersion "1"]
[SourceVersionDate "2008.07.30"]
[SourceQuality "1"]

1. Nf3 Nf6 2. c4 e6 3. Nc3 d5 4. d4 Nbd7 5. Qc2 $5 dxc4 6. e4 a6 $5 {After 6
moves we have an almost fresh position!} (6... Nb6 {and}) (6... c5 {have been
played several times here.}) 7. e5 $1 $146 {[%mdl 8]} (7. Bxc4 c5 $132 ({or} 
7... b5 8. Bd3 c5)) (7. Bg5 h6 8. Bh4 Be7 9. Bxc4 b5 10. Be2 b4 11. Na4 Bb7 12.
e5 Nd5 13. Bxe7 Qxe7 14. Nc5 Nxc5 15. dxc5 a5 16. c6 Ba6 $13 {1/2-1/2 Kuzmin,
G-Terentiev,V/Voronezh 2000/EXT 2001 (26)}) 7... Nd5 8. Bxc4 Nxc3 (8... N7b6 9.
Bg5 $1 {doesn't change much.}) 9. Qxc3 (9. bxc3 b5 10. Bd3 Bb7 {[%cal Yb7f3]})
9... Nb6 (9... c5 $6 10. d5) (9... b5 10. Bd3 Bb7 11. Bg5 $1 Be7 $140 12. Bxe7
Qxe7 13. Qxc7) 10. Bg5 Be7 11. Bxe7 Qxe7 12. Bb3 Nd5 $6 {This move will be
necessary but Black should prevent the closure of the queenside:} (12... a5 13.
a3 Nd5) 13. Bxd5 exd5 14. O-O O-O $6 (14... a5 $1) 15. b4 {[%mdl 32]} Bf5 16.
a4 c6 17. a5 $1 {Black's queenside pawn majority is now neutralized and White
will start exploiting his kingside pawn majority.} Bg4 18. Nd2 Be2 $6 19. Rfe1
Bc4 $6 {A wrong manoeuvre. This bishop will be completely out of play here.}
20. h3 (20. Nxc4 $143 dxc4 21. Qxc4 Rad8 {and weaknesses on d4 and b4 make the
conversion of White's extra pawn extremely difficult.}) 20... Rfd8 21. f4 Rab8
22. Kh2 Qe6 23. Rac1 h6 24. Re3 Qf5 25. Rf3 b6 {Black has no other counterplay
but...} 26. Nxc4 {It's time to take the pawn now as Black has his own
weaknesses on the queenside.} dxc4 27. Qxc4 bxa5 28. bxa5 Rb5 29. Qxc6 Rxa5 30.
g4 Qd7 31. Qxd7 Rxd7 {[%mdl 4096]} 32. Rd3 {White's pawn chain guarantees him
a decisive advantage.} g5 (32... Ra4 33. Rcd1 {[%cal Yh2g3,Yg3f3,Yf3e4]} (33.
Rc8+ $143 Kh7 34. d5 Rxf4 35. d6 a5)) 33. Kg3 Rad5 34. Rc4 a5 35. Kf3 Kf8 (
35... gxf4 36. Kxf4 {[%cal Yh3h4,Yh4h5] was hardly better.}) 36. fxg5 hxg5 37.
Ke4 Ke7 38. Rc6 $1 (38. Rb3 $143 f6) 38... Rb5 $6 {Allowing the d4 pawn to
move forward. However, Black hardly had a satisfactory defence anyway:} (38...
Ke8 39. Rc8+ Ke7 40. Rg8) (38... Kf8 39. Rc8+ Kg7 40. Rc4 Kf8 (40... f6 41. e6
R7d6 42. Rc8 $18) 41. Rb3 $18) 39. d5 Ra7 40. Rdc3 (40. Rc8 $1 a4 $140 41. d6+
Kd7 42. Rf8 $18) 40... Rbb7 (40... Rd7 41. Rd3 (41. R3c5 $6 Rxc5 42. Rxc5 Ra7)
41... Ra7 42. Rc8 $1 $18) 41. R6c4 (41. Rc8 $1 $18) 41... f6 {This leads to a
hopeless pawn endgame.} (41... Rb4 {looks more stubborn but it was also lost
for Black:} 42. Rxb4 axb4 43. Rb3 Rb7 44. Kd4 (44. Kf5 Rb5 45. Kxg5 Rxd5 46.
Rxb4 Rxe5+ 47. Kh6 {is probably winning, too.}) 44... f6 $8 45. exf6+ Kxf6 46.
d6 (46. Kc5 $143 Rc7+ 47. Kd6 Rc4 48. Kd7 {is also good}) 46... Ke6 47. Kc5 Kd7
48. Re3 $1 Kd8 (48... Rb8 49. Re7+ Kd8 50. Rg7 $18) 49. Kc6 Ra7 50. Re4 $1 Ra6+
(50... Ra4 51. Kc5 Ra5+ 52. Kxb4 Rd5 53. Kc4 Rxd6 54. Rd4 $18) (50... b3 51.
Rb4 Ra6+ 52. Kd5 $18) 51. Kd5 $1 (51. Kc5 $143 b3 52. Rb4 Kd7 53. Rb7+ Ke6 $1
54. Re7+ Kf6) 51... Kd7 (51... Ra5+ 52. Ke6 Rb5 53. Re1 Rb6 54. Rf1 Ke8 55. Ra1
Rb8 56. Ra7 $18) 52. Re7+ Kc8 53. Rc7+ Kd8 54. Rb7 Ra3 55. Rxb4 Rxh3 56. Rb8+
Kd7 57. Rb7+ Kd8 58. Rg7 Ra3 59. Ke6 Re3+ 60. Kf6 Rd3 61. Kxg5 Rxd6 62. Rf7 $18
) 42. Rc7+ $1 Rxc7 43. d6+ Kd8 44. dxc7+ Rxc7 45. Rxc7 Kxc7 46. exf6 Kd7 47.
Kf5 Ke8 (47... a4 48. Kg6 $18) 48. Kxg5 a4 49. Kh6 (49. Kg6 $144 Kf8 50. g5 a3
51. Kh7 a2 52. g6 a1=Q 53. g7+) 49... a3 (49... Kf7 50. g5 $18) (49... Kf8 50.
g5 a3 51. g6 a2 52. g7+ Kf7 53. Kh7 $18) 50. Kg7 a2 51. f7+ Kd7 52. f8=Q a1=Q+
53. Qf6 Qh1 54. h4 Qh3 55. Qd4+ Ke6 56. g5 Qh1 57. Qf6+ Kd5 58. h5 Kc5 59. h6
Qb7+ 60. Kg6 1-0

[Event "EU-ch 10th"]
[Site "Budva"]
[Date "2009.03.15"]
[Round "9"]
[White "Sokolov, Ivan"]
[Black "Meier, Georg"]
[Result "1-0"]
[WhiteElo "2657"]
[BlackElo "2608"]
[Annotator "Krasenkow,M"]
[PlyCount "81"]
[EventDate "2009.03.06"]
[EventType "swiss"]
[EventRounds "11"]
[EventCountry "MNE"]
[SourceTitle "CBM 130"]
[Source "ChessBase"]
[SourceDate "2009.05.20"]
[SourceVersion "1"]
[SourceVersionDate "2009.05.20"]
[SourceQuality "1"]

1. d4 e6 2. c4 Nf6 3. Nf3 d5 4. Nc3 Be7 5. Bf4 O-O 6. e3 c5 7. dxc5 Bxc5 8. Qc2
Nc6 9. Rd1 Qa5 10. a3 Be7 11. Be2 Ne4 {This continuation was examined in CBM
109, annotations to Mamedyarov-Graf by GM R.Dautov. A lot of interesting games
have been played since but Black has apparently failed to find equality so far.
} (11... dxc4 {is the main line}) 12. cxd5 $8 (12. O-O $6 Nxc3 13. bxc3 dxc4
14. Bxc4 Bf6 15. Bd6 Rd8 16. Bd3 g6 17. Bb4 Nxb4 {1/2 Kargoll,B-Gschwendtner,M/
Germany 1991/TD}) (12. Nd2 $2 Nxc3 13. Nb3 Qa4 14. Qxc3 Bf6 15. Qc2 Na5 16. Nd4
Qxc2 17. Nxc2 Nxc4 $19 {0-1 Elschner,A (2040)-Chuchelov,V (2490)/Dresden 1996/
CBM 053 ext (25)}) 12... Nxc3 13. Qxc3 $1 (13. bxc3 exd5 14. O-O Be6 15. a4 (
15. Rb1 Qxa3 16. Rxb7 Rfc8 17. Rc1 Bf5 18. Qd1 a5 19. Bb5 Nd8 20. Rc7 Rxc7 21.
Bxc7 Ne6 {1/2 Miles,A (2610)-Van der Sterren,P (2475)/Wijk aan Zee 1984/MCL 
(74)}) 15... Rfc8 (15... Rac8 16. Rb1 Bf6 17. Rxb7 d4 18. exd4 (18. c4 $1 $14 {
Atalik,S}) 18... Nxd4 19. Nxd4 Bxd4 20. Rb5 Qxc3 21. Qxc3 Rxc3 22. Rd1 Rc2 23.
Rxd4 Rxe2 24. h4 a6 25. Rb6 Bc8 26. Rc4 Re6 27. Rb8 Bd7 28. Rb7 Rc6 29. Rd4 Be6
30. a5 h6 {1/2 Vorobiov,E (2572)-Mikhalevski,A (2441)/Pardubice 2007/CBM 119
ext}) (15... Bf6 16. Rb1 Rfc8 {- transposition} (16... Rac8)) 16. Rb1 Bf6 (
16... Nd8 17. Be5 Nc6 18. Rb5 Qd8 19. Bf4 b6 20. Qd2 Na5 21. Nd4 Nc4 22. Qa2
Nd6 23. Nxe6 fxe6 24. Bxd6 Bxd6 25. c4 Kh8 26. cxd5 $16 {1/2 Maiorov,N (2481)
-Aveskulov,V (2495)/Lvov 2006/CBM 114 ext (116)}) 17. Rxb7 Qxc3 18. Qxc3 Bxc3
19. Rc1 Bf6 20. h3 h6 21. Rc7 Na5 22. Ba6 Rxc7 23. Rxc7 Bd8 24. Rc1 (24. Rc3
Bd7 25. Bc7 (25. Bb5 Rc8 26. Rd3 Be6 27. Nd4 Rc1+ 28. Kh2 Bb6 $11) 25... Bxc7
26. Rxc7 Bxa4 27. Nd4 Rd8 28. Bd3 Nb3 $11 {1/2 Mamedyarov,S (2646)-Graf,A 
(2605)/Sant Lluis 2005/CBM 109/[Dautov] (52)}) 24... Bb6 (24... Bd7 25. Bb5 Rc8
26. Rd1 Be6 27. Nd4 $14 {Dautov}) 25. Nd4 Bd7 26. Bb5 Bxb5 (26... Rc8 $1 $14)
27. Nxb5 Nc4 $2 28. Nc3 Rd8 29. Nxd5 Rxd5 30. Rxc4 $16 {1-0 Conquest,S (2350)
-Greenfeld,A (2490)/Hastings 1985/EXT 1999 (42)}) 13... Qxc3+ 14. bxc3 exd5 15.
Rxd5 Bxa3 16. Nd4 $1 {[%mdl 4] It turns out that White's advantage in the
centre is more important than Black's outside passed pawn.} a5 (16... Nxd4 17.
exd4 b6 (17... a5 18. Kd2 a4 19. Rb5 Be7 20. Bf3 Ra7 21. Re1 a3 22. Kc2 $16 {
Atalik,S}) 18. Kd2 Be6 (18... Bb7 19. Rd7 {Atalik,S}) 19. Rb5 Bd7 20. Rb3 Be7
21. Bf3 Rae8 $2 (21... Ba4 22. Rb2 Rac8 23. Ra1 b5 24. Bb7 Rcd8 25. Bc6 a6 26.
Kd3 $16 {Atalik,S}) 22. Ra1 g5 23. Bg3 f5 24. Bd5+ Kh8 25. Rxa7 Rd8 26. Rxb6
$18 {1-0 Atalik,S (2584)-Lekic,D (2340)/Vogosca 2007/CBM 118 ext (28)}) (16...
Be7 17. Kd2 Rd8 18. Bf3 Nxd4 19. cxd4 Bb4+ 20. Kd3 Rxd5 21. Bxd5 Kf8 22. Rc1
Ba5 23. e4 Ke7 24. Bc7 Bb4 25. Be5 Ba5 26. Bxg7 $18 {1-0 Nyback,T (2655)
-Dobrev,N (2366)/Chalons en Champagne FRA 2009/The Week in Chess 756 (31)}) 17.
Rb5 {[%csl Gb5,Rb7][%cal Gb5b7]} a4 18. Kd2 Be7 19. Ra1 Ra7 (19... a3 20. Kc2)
20. Bg5 $5 {It is not easy to correctly judge here, which pieces to trade and
which to leave on the board. Finally, as you will see, White will echange his
knight for Black's light-squared bishop (with an excellent result); it was
possible to do it at once:} (20. Nf5 Rd8+ 21. Kc2 Bxf5+ 22. Rxf5 {but then
Black obtained counterplay:} Rc8 23. Rb5 Nb4+ 24. Kb2 a3+ 25. Kb3 Na6 {etc.
Therefore White offers another favorable exchange: without dark-squared
bishops he will get outposts on b6 and possibly c5; his king will be safer and
Black's a-pawn weaker.}) 20... f6 $6 {Avoiding theexchange of bishops but
weakening the light squares.} (20... Bd7 $5 21. Rd5 $5 (21. Bxe7 Nxe7 22. Rc5
$14)) 21. Bf4 (21. Bc4+ $5 Kh8 22. Bf4) 21... Rd8 {Just losing time as the
white bishop is aiming for b6 anyway.} (21... g5 $5 22. Bc4+ Kg7 23. Bc7 Re8
24. Bb6 Ra8 25. Ne6+ Bxe6 26. Bxe6 Bd6 {is a slightly better version as White
will need more time to prepare the advance of his kingside pawns.}) 22. Bc7 Re8
23. Bb6 Ra8 24. Bc4+ Kf8 25. Ne6+ {This exchange comes up in a favorable
version for White - Black has no counterplay anymore.} Bxe6 26. Bxe6 Bd6 27.
Bd5 Re7 28. Kc2 Rd7 29. Be6 Re7 30. Bd5 Rd7 31. f4 $1 {According to the
principle of two weaknesses, White must open up a second front.} g6 32. g3 Ke8
33. e4 Re7 34. h4 $1 Rg7 {Black is absolutely passive and has to wait, and
White needn't hurry.} 35. Kb2 Ra6 36. Ka2 {Safely blocking the a-pawn.} h6 37.
Rd1 {[%csl Gd1]} g5 {Desperation.} 38. hxg5 hxg5 39. Bc4 Bb8 $2 (39... Bc7 40.
Bxc7 Rxc7 41. Rxb7 Rxb7 42. Bxa6 {loses a pawn but the text move is even worse.
}) 40. Rbb1 (40. Rh1 $5) 40... Ra8 (40... gxf4 $142 {, however, hopeless enough
}) 41. Rh1 1-0

[Event "London Classic 10th"]
[Site "London"]
[Date "2018.12.11"]
[Round "1.1"]
[White "Caruana, Fabiano"]
[Black "Nakamura, Hikaru"]
[Result "1/2-1/2"]
[WhiteElo "2832"]
[BlackElo "2746"]
[Annotator "Krasenkow,M"]
[PlyCount "102"]
[EventDate "2018.12.11"]
[EventType "k.o."]
[EventRounds "2"]
[EventCountry "ENG"]
[SourceTitle "CBM 188"]
[Source "ChessBase"]
[SourceDate "2018.12.21"]
[SourceVersion "1"]
[SourceVersionDate "2018.12.21"]
[SourceQuality "1"]

1. d4 Nf6 2. c4 e6 3. Nf3 d5 4. Nc3 Be7 5. Bf4 O-O 6. e3 b6 7. Qc2 {Not the
most popular continuation here. This queen development is considered
appropriate after Black's ...c7-c6. However, White tries to leave main
theoretical roads as soon as possible.} Bb7 8. Rd1 Bd6 (8... Nbd7 {is more
natural but White obtained an edge in the following game:} 9. cxd5 (9. Be2 dxc4
10. Bxc4 c5 11. dxc5 Bxc5 12. O-O a6 13. Ne5 Qc8 14. Nxd7 Nxd7 15. Be2 Be7 16.
Qb1 Nf6 17. Rc1 Qe8 18. e4 b5 $11 {1-0 (43) Zoler,D (2498)-Griffith,K (2320)
Biel 2015}) 9... exd5 10. Bd3 c5 11. O-O Rc8 12. dxc5 Rxc5 13. Nd4 {[%csl Rb7,
Gd4,Rd5]} g6 14. Qa4 (14. Qe2 $5) 14... a6 15. Bxa6 Ra5 16. Bxb7 (16. Qxa5 $1
bxa5 17. Bxb7 $16 {[%csl Rd5]}) 16... Rxa4 17. Nc6 Qe8 18. Nxa4 Nc5 19. Nxe7+
Qxe7 20. Nxc5 Qxc5 21. Bg5 $14 {1/2 (68) Zherebukh,Y (2614)-Goldin,A (2553)
Fort Myers 2016}) (8... Na6 9. Be2 $6 (9. a3 $5) 9... Nb4 10. Qb1 dxc4 11. Bxc4
Nbd5 $11 12. Bg5 $6 Nxc3 13. bxc3 Ne4 14. Bxe7 Qxe7 15. Rc1 Ng5 16. Be2 Nxf3+
17. Bxf3 Bxf3 18. gxf3 c5 $15 {1/2 (39) Edouard,R (2680)-Fressinet,L (2708)
Nimes 2014}) (8... a6 9. cxd5 exd5 10. Be2 (10. Bd3 c5 $5) 10... Nbd7 11. Ne5 (
11. O-O Re8 12. h3 {1/2 (33) Goldin,A (2585)-Meijers,V (2418) Geneve 1999} c5
$5) 11... Bd6 12. Qf5 g6 13. Qg5 Ne4 14. Nxe4 dxe4 15. Qg3 $14 {1-0 (34)
Bindrich,F (2605)-Mohota,N (2269) Caleta 2018}) (8... c5 {may be possible but
needs more tests:} 9. dxc5 bxc5 10. Be2 Nbd7 11. O-O Qb6 12. Ne5 Rfd8 13. b3
Bd6 $6 (13... Rac8 $5) (13... Nxe5 14. Bxe5 Nd7 $5 15. Bf4 Nf6) 14. Nxd7 Rxd7
15. Na4 Qc7 16. Bxd6 Rxd6 17. cxd5 Nxd5 18. Qxc5 $16 {1/2 (44) Toolin,C (2220)
-Morrison,W (2281) Philadelphia 2016}) 9. Bg3 (9. Bg5 Nbd7 10. cxd5 exd5 11.
Bd3 h6 12. Bh4 a6 13. Bf5 Qe8 14. Qb3 b5 $6 (14... g6 $5 15. Bxd7 (15. Bh3 Ne4
16. Nxd5 $140 $2 g5 17. Bg3 Bxd5 18. Qxd5 Ndf6 19. Qf5 Bb4+ 20. Ke2 Qa4 $40)
15... Nxd7 16. Nxd5 Qe6 17. Nc3 Qxb3 18. axb3 f5 $44) 15. O-O Be7 16. Rfe1 Nb6
17. e4 dxe4 18. Bxf6 Bxf6 19. Bxe4 Qc8 20. Ne5 Bxe4 21. Nxe4 $14 {1/2 (98)
Kveinys,A (2545)-Xu,Y (2518) Reykjavik 2017}) 9... Nbd7 10. cxd5 Nxd5 11. e4
Nxc3 12. bxc3 Bxg3 $6 {Risky and at least premature: White can now create an
attack along the h-file.} (12... h6 $5) (12... Rc8 $5) 13. hxg3 e5 $6 {
Preparation of ...c7-c5 was a better plan.} ({And now the prophylactical} 13...
h6 {was the most appropriate. If} 14. g4 {then} Nf6 $5 {[%cal Rf6g4,Rb7e4]})
14. Bb5 c6 15. Be2 Qc7 16. g4 (16. Nh4 $5 $36 {[%cal Yh4f5] was probably a
better plan here.} g6 {is poor due to} 17. Qc1 $1 {[%cal Yc1h6]}) 16... Rfe8
17. g5 Rad8 18. Kf1 b5 (18... exd4 19. cxd4 Nf8 {was possible, with a solid
position.}) 19. Rh4 a6 20. a4 Qa5 21. g6 $5 {White has no other ways to
destroy Black's kingside; however, the position is far from clear.} hxg6 22.
Ng5 Nf8 (22... c5 $1 {was correct. If} 23. Qd3 (23. Rd3 f6 {is even worse}) {
then} 23... f6 24. Qh3 fxg5 25. Rh8+ Kf7 26. Rxe8 Rxe8 $1 (26... Kxe8 $2 27.
Qe6+ Kf8 28. Rd3) 27. Qxd7+ Re7 28. Qd6 cxd4 29. cxd4 Bxe4 {, and Black holds
on.}) 23. Rd3 Bc8 24. Qb3 Qc7 25. axb5 axb5 26. Rf3 $6 {White fails to find
the right way:} (26. g4 $1 {[%cal Rd3h3]} Ne6 $8 27. Rdh3 Kf8 28. Nxe6+ Rxe6 (
28... Bxe6 29. d5 $1 cxd5 30. Bxb5 $16) (28... fxe6 29. Rh7 $16) 29. Qa3+ Qd6 (
29... c5 30. Bxb5 $16) 30. Qa7 Qd7 31. Qb6 $16) 26... Be6 27. d5 cxd5 28. exd5
Rxd5 $1 29. Nxe6 fxe6 {Black's pawn structure is destroyed but he is two pawns
up! Giving up his material advantage, Black parries White's attack and
equalizes the game.} 30. Rfh3 e4 31. Rxe4 Ra8 32. g3 (32. Bxb5 $142 Ra1+ 33.
Re1 $11) 32... Qc5 33. Re3 Ra3 34. Qb2 Qd6 (34... g5 $5) 35. Rh4 Ra4 36. Rhe4
Qa3 37. Qxa3 Rxa3 38. Bg4 Rc5 39. Bxe6+ Nxe6 40. Rxe6 Raxc3 41. Rxc3 Rxc3 42.
Rxg6 b4 43. Rb6 b3 44. Kg2 Kf7 45. f4 g5 46. fxg5 Rc2+ 47. Kf3 b2 48. Kg4 Kg7
49. Rb7+ Kg6 50. Rb6+ Kg7 51. Rb7+ Kg6 1/2-1/2